000 00760 a2200181 4500
003 Nust
005 20230125132246.0
040 _cNust
082 _a428.4,HAR
100 _aHarnadek, Anita
_9107644
245 _aCritical Rading Improvement /
_cAnita Harnadek
250 _a2 nd ed
260 _aNew York
_bMc Grawhill
300 _a182;p
505 _aIntroduction (Page-1), Considering the Source (Page-5), Recognizing What is Said (Page-10), Recognizing Some Common Faults in Thinking (Page-20), Recognizing Assumptions and Implications (Page-38), Recognizing Internet, Attitude, Tone and Bias (Page-44), Analyzing Arguments (Page-68), Applying What You’ve Learned (Page-88).
650 _a Rading Improvement
_9107645
942 _2ddc
_cBK
_k428.4,HAR
999 _c185736
_d185736